|
|
|
|
| LEADER |
00989nam a22002657a 4500 |
| 001 |
28481 |
| 003 |
BD-DhAAL |
| 005 |
20141016130122.0 |
| 008 |
141016t20021990enk||||| |||| 00| 0 eng d |
| 020 |
|
|
|a 0099433435
|
| 040 |
|
|
|a BD-DhAAL
|c BD-DhAAL
|
| 082 |
|
|
|2 23
|a 823/.914
|
| 100 |
|
|
|a Byatt, A. S.
|9 5650
|
| 245 |
|
|
|a Possession :
|b a romance
|c A. S. Byatt
|
| 260 |
|
|
|a London :
|b Vintage ;
|b Auckland :
|b Random,
|c 1990 [2002]
|
| 300 |
|
|
|a 511 p. ;
|c 21 cm.
|
| 541 |
|
|
|e 28481
|
| 650 |
|
|
|a Manuscripts
|x Collectors and collecting
|x Fiction.
|9 5651
|
| 650 |
|
|
|a Literary historians
|x Fiction.
|9 5652
|
| 650 |
|
|
|a Poets
|x Fiction.
|9 5653
|
| 651 |
|
|
|a England
|x Fiction.
|9 5654
|
| 852 |
|
|
|a Ayesha Abed Library
|c General Stacks
|
| 942 |
|
|
|2 ddc
|c BK
|
| 999 |
|
|
|c 32927
|d 32927
|
| 952 |
|
|
|0 0
|1 0
|2 ddc
|4 0
|6 823_914000000000000_BYA
|7 0
|9 43846
|a BRACUL
|b BRACUL
|c GEN
|d 2014-10-16
|e Friend's Book Corner
|g 125.00
|l 0
|o 823.914 BYA
|p 3010028481
|r 2014-10-16
|t 1
|w 2014-10-16
|y BK
|x Transferred from BIL to BRACUL on 06/06/22
|